| 000 | 03015cam a22005294i 4500 | ||
|---|---|---|---|
| 003 | PE-LiUPU | ||
| 005 | 20250731183438.0 | ||
| 008 | 150706s2007 mx a rb 000 0 spa d | ||
| 020 | _a9789682480829 | ||
| 035 | _a(Sirsi) i9789682480829 | ||
| 040 |
_aPE-LiUPU _bspa _cPE-LiUPU _erda |
||
| 049 | _aPRUA | ||
| 082 | 0 | 4 |
_a728.1 _bC36 _221 |
| 082 | 0 | 4 |
_a728.0222 _bC36 2007 |
| 100 | 1 |
_aCeballos Ruiz, Agustín M., _eautor. |
|
| 245 | 1 | 0 |
_a30 Planos de casas prototipo / _cAguistín M. Ceballos Ruiz. |
| 250 | _a2a edición. | ||
| 264 | 1 |
_aMéxico, D.F. : _bTrillas, _c2007. |
|
| 300 |
_a287 páginas : _bilustraciones ; _c27 centímetros |
||
| 336 |
_atext _2rdacontent |
||
| 337 |
_aunmediated _2rdamedia |
||
| 338 |
_avolume _2rdacarrier |
||
| 504 | _aIncluye bibliografía. | ||
| 505 | 0 | _aAspectos generales -- Proyectos menores de 70 m2. de construcción -- Proyectos de 70 hasta 100 m2 de construcción -- Proyectos de 100 hasta 130 m2 de construcción -- Proyectos de 130 hasta 175 m2 de construcción -- Proyectos de más de 175m2 de construcción. | |
| 526 | _aP158 | ||
| 526 | _aP146 | ||
| 526 | _aP17 | ||
| 526 | _aP12 | ||
| 526 | _aP06 | ||
| 541 | _g015-001533; | ||
| 650 | 0 | 4 |
_aArquitectura de la vivienda _vDiseño y planos. |
| 910 |
_cng _d20120524 |
||
| 910 |
_btqv _cwelc _d20170518 |
||
| 942 |
_2ddc _cBOOK |
||
| 949 |
_a728.1 C36 _wDEWEY _c1 _i67259 _lCCODEBUL1 _mBUL _p42.00 _r0 _sY _tBOOK _u2015-7-6 _xINGENIERIA _PP25 _o.STAFF. Colección General |
||
| 949 |
_a728.0222 C36 2008 _wDEWEY _c1 _iFJ07848 _lCCODEBUJ1 _mBUJ _p29.50 _r0 _sY _tBOOK _u2017-05-18 _xINGENIERIA _PP25 _0COMPRA _o.STAFF. Colección General Juliaca |
||
| 949 |
_a728.0222 C36 2007 _wDEWEY _c1 _iFJ08706 _lCCODEBUJ1 _mBUJ _p29.50 _r0 _sY _tBOOK _u2017-09-05 _xINGENIERIA _PP25 _0COMPRA _o.STAFF. Colección General Juliaca |
||
| 949 |
_a728.0222 C36 2007 _wDEWEY _c1 _iFJ08707 _lCCODEBUJ1 _mBUJ _p29.50 _r0 _sY _tBOOK _u2017-09-05 _xINGENIERIA _PP25 _0COMPRA _o.STAFF. Colección General Juliaca |
||
| 994 |
_aC0 _bPEPRU |
||
| 596 | _a1 3 | ||
| 999 |
_a728.1 C36 _wDEWEY _c54847 _i67259 _d54847 _e2019-9-16 _f2021-11-30 _g7 _lCCODEBUL1 _mBUL _n38 _p42.00 _q6 _r0 _sY _tBOOK _u2015-7-6 _xINGENIERIA _PP25 _0COMPRA _o.STAFF. Colección Ingeniería y Arquitectura |
||
| 999 |
_a728.0222 C36 2008 _wDEWEY _c1 _iFJ07848 _d2019-4-29 _e2019-4-26 _f2022-2-1 _g3 _lCCODEBUJ1 _mBUJ _n12 _p29.50 _q10 _r0 _sY _tBOOK _u2017-5-18 _xINGENIERIA _PP25 _0COMPRA _o.STAFF. Colección General Juliaca |
||
| 999 |
_a728.0222 C36 2008 _wDEWEY _c2 _iFJ08706 _d2019-4-9 _e2018-8-15 _f2022-2-1 _g3 _lCCODEBUJ1 _mBUJ _n4 _p29.50 _q5 _r0 _sY _tBOOK _u2017-9-5 _xINGENIERIA _PP25 _0COMPRA _o.STAFF. Colección General Juliaca |
||
| 999 |
_a728.0222 C36 2008 _wDEWEY _c3 _iFJ08707 _d2019-5-7 _e2019-5-3 _f2022-2-1 _g3 _lCCODEBUJ1 _mBUJ _n6 _p29.50 _q6 _r0 _sY _tBOOK _u2017-9-5 _xINGENIERIA _PP25 _0COMPRA _o.STAFF. Colección General Juliaca |
||
| 980 |
_81 _gALBERTO SANCHEZ Responsable de Automatización |
||